Countries that Bordered the British Empire - Statistics

General Stats
  • This quiz has been taken 222 times
  • The average score is 13 of 23
Answer Stats
Answer % Correct
China
92%
United States
91%
France
88%
Mexico
77%
Persia
74%
Siam
71%
Netherlands
70%
Brazil
68%
Afghanistan
67%
Portugal
65%
Belgium
64%
Ottoman Empire
64%
Guatemala
63%
Nepal
60%
Bhutan
56%
Italy
56%
Abyssinia
54%
Venezuela
52%
Honduras
37%
Tibet
20%
Costa Rica
10%
Hejaz and Nejd
9%
Sichuan
0%
No matching quizzes found
Score Distribution
Percent of People with Each Score
Percentile by Number Answered
Your Score History
You have not taken this quiz